Statistics for Legendary Kings of the Latins

Click here to take the quiz!

General Stats

  • This quiz has been taken 15 times
  • The average score is 12 of 28

Answer Stats

HintKing% Correct
Silvian DynastyRomulus I
100%
Kings of RomeRomulus II
100%
Kings of RomeLucius II Tarquinius
88%
Kings of RomeLucius I Tarquinius
88%
Kings of RomeNuma Pompilius
75%
Kings of RomeServius Tullius
75%
Kings of the LaurentesAeneas I
63%
Silvian DynastyAeneas II
63%
Kings of RomeAncus Marcius
63%
Kings of RomeTullus Hostilius
63%
Silvian DynastyNumitor
50%
Silvian DynastySilvius
50%
Silvian DynastyAmulius
38%
Kings of the LaurentesAscanius
38%
Kings of the LaurentesLatinus I
38%
Silvian DynastyLatinus II
38%
Kings of the LaurentesFaunus
25%
Kings of the LaurentesJanus
25%
Kings of the LaurentesPicus
25%
Silvian DynastyProca
25%
Kings of the LaurentesSaturn
25%
Silvian DynastyAgrippa
13%
Silvian DynastyAlba
13%
Silvian DynastyAtys
13%
Silvian DynastyAventinus
13%
Silvian DynastyCapetus
13%
Silvian DynastyCapys
13%
Silvian DynastyTiberinus
13%

Score Distribution

Percentile by Number Answered

Percent of People with Each Score

Your Score History

You have not taken this quiz